<?xml version="1.0" encoding="UTF-8"?>
<collection xmlns="http://www.loc.gov/MARC21/slim">
 <record>
  <leader>00710pamaa2200169   4500</leader>
  <controlfield tag="001">0000034694</controlfield>
  <controlfield tag="005">20070129090000.0</controlfield>
  <datafield tag="020" ind1="0" ind2="0">
   <subfield code="a">9839780069 </subfield>
  </datafield>
  <datafield tag="090" ind1="0" ind2="0">
   <subfield code="a">HD62.5 </subfield>
   <subfield code="b">TAN 1999</subfield>
  </datafield>
  <datafield tag="100" ind1="1" ind2="0">
   <subfield code="a">TAN-WONG </subfield>
  </datafield>
  <datafield tag="245" ind1="1" ind2="0">
   <subfield code="a">The W.I.M finance handbook : </subfield>
   <subfield code="b">(an easy referral on how to manage finance for the entrepreneur, professional and social worker)  </subfield>
   <subfield code="c">Nellie S.L. Tan-Wong.</subfield>
  </datafield>
  <datafield tag="250" ind1="0" ind2="0">
   <subfield code="a">2nd ed.</subfield>
  </datafield>
  <datafield tag="260" ind1="0" ind2="0">
   <subfield code="a">Kuala Lumpur: </subfield>
   <subfield code="b">Cedar Publications Sdn Bhd, </subfield>
   <subfield code="c">1999.</subfield>
  </datafield>
  <datafield tag="300" ind1=" " ind2=" ">
   <subfield code="a">131p.; </subfield>
   <subfield code="c">21cm.</subfield>
  </datafield>
  <datafield tag="500" ind1="0" ind2="0">
   <subfield code="a">Including three more books same title but in other languages such as Bahasa Malaysia, Mandrin and Tamil</subfield>
  </datafield>
  <datafield tag="650" ind1="0" ind2="0">
   <subfield code="a">Women's Institute of Management -- </subfield>
   <subfield code="x">Finance -- </subfield>
   <subfield code="x">Handbook, manuals </subfield>
  </datafield>
  <datafield tag="650" ind1="0" ind2="0">
   <subfield code="a">Enterpreneurship -- </subfield>
   <subfield code="x">Finance </subfield>
  </datafield>
 </record>
</collection>
